000 00324nam a2200133Ia 4500
008 240624s9999 xx 000 0 und d
041 _aeng
082 _a005.1 HAM
100 _aHAMBLING BRIAN
245 _aSOFTWARE TESTING AN ISEB FOUNDATION
260 _c2007
300 _axii, : 208 : p. : cm. ; 24
365 _cRS
_b33
999 _c11672
_d11672